Datum a čas kvízu
31
Celkem bodů
Celkový počet nahraných bodů na tomto kvízu bez doplňovacích otázek.
5.
Pořadí na kvízu
Konečné umístění týmu na tomto kvízu.
Zaznamenané odpovědi
| # | Otázka | Odpověď | Body | Výsledky |
|---|---|---|---|---|
| 1. | V Rokycanech podal minulý týde... | členy Ku-klux-klanu | 1 | |
| 2. | Bývalý princ Andrew už o svůj... | Princ William | 1 | |
| 3. | Český rozhlas minulý týden ozn... | Libor Bouček | 1 | |
| 4. | Ministryně financí Alena Schil... | Kobra | 1 | |
| 5. | Český fotbal od úterního rána... | NCOZ (Národní centrála proti organizovanému zločinu), (MFK) Karviná | 0.5 | |
| 1. | Vítězné téma „vražedně“ těsnéh... | Hercule Poirot | 0 | |
| 2. | Fiktivní detektiv třetí třídy... | Ed McBain, New York | 0.5 | |
| 3. | Přiřaďte autory severských det... | 1A 2C 3D 4B | 0 | |
| 4. | Pán ohně, Čtvrtá oběť, Sál smr... | Peter May, Čína | 0 | |
| 5. | Jednou z nejúspěšnějších český... | Zmizela v mlze (Norsko), Ostrov šedých mnichů (Nizozemsko) | 0 |